[Event "Hampshire-chB"]
[Site "Fareham"]
[Date "2022.11.06"]
[Round "6"]
[White "Morrish, John"]
[Black "Crosswell, Neil"]
[Result "0-1"]
[WhiteElo "1643"]
[BlackElo "1758"]
[PlyCount "68"]
[EventDate "2022.11.04"]
[EventType "swiss"]
[EventRounds "6"]
[EventCountry "ENG"]
[SourceTitle "EXT 2024"]
[Source "ChessBase"]
[SourceDate "2023.10.10"]
[SourceVersion "1"]
[SourceVersionDate "2023.10.10"]
[SourceQuality "1"]

1. e4 e6 2. b3 d5 3. Bb2 dxe4 4. Qe2 Nf6 5. Nc3 Be7 6. g4 b6 7. Nxe4 Bb7 8. Bg2 Nxe4 9. Bxe4 Bxe4 10. Qxe4 Qd5 11. Qxd5 exd5 12. 0-0-0 0-0 13. f4 Nd7 14. Nf3 Bf6 15. d4 Be7 16. h4 Bd6 17. Ne5 Nf6 18. g5 Nh5 19. Rhf1 f6 20. Nd3 fxg5 21. fxg5 Bg3 22. Kb1 Rxf1 23. Rxf1 Re8 24. Ne5 Bxe5 25. dxe5 Ng3 26. Rf3 Ne4 27. Kc1 Rf8 28. Rxf8+ Kxf8 29. Bd4 c5 30. Bg1 Ke7 31. a3 Ke6 32. Bh2 Nf2 33. Kd2 Ng4 34. b4 Nxh2 0-1

[Event "Hampshire-chB"]
[Site "Fareham"]
[Date "2022.11.05"]
[Round "2"]
[White "Crosswell, Neil"]
[Black "Moore, Gillian A"]
[Result "1-0"]
[WhiteElo "1758"]
[BlackElo "1678"]
[PlyCount "91"]
[EventDate "2022.11.04"]
[EventType "swiss"]
[EventRounds "6"]
[EventCountry "ENG"]
[SourceTitle "EXT 2024"]
[Source "ChessBase"]
[SourceDate "2023.10.10"]
[SourceVersion "1"]
[SourceVersionDate "2023.10.10"]
[SourceQuality "1"]

1. d4 d5 2. c4 Nc6 3. Nf3 Bg4 4. e3 e6 5. Nc3 Nf6 6. Be2 Be7 7. 0-0 0-0 8. a3 a6 9. Qc2 dxc4 10. Bxc4 Bf5 11. Qe2 Ne4 12. Bd2 Bf6 13. Nxe4 Bxe4 14. Bc3 Re8 15. Rfd1 Bd5 16. Bxd5 exd5 17. Rac1 Qd7 18. Qc2 Rac8 19. b4 Ne7 20. Ne1 c6 21. Nd3 Qf5 22. Qb3 Rc7 23. Be1 Nc8 24. a4 Nd6 25. Rc2 Nc4 26. Nb2 Nxb2 27. Qxb2 Ree7 28. b5 cxb5 29. axb5 axb5 30. Rc5 Rc8 31. Rxc8+ Qxc8 32. Rc1 Rc7 33. Rxc7 Qxc7 34. Qxb5 Qc6 35. Qa5 g6 36. g3 Kg7 37. Bb4 g5 38. Qa8 Kh6 39. Qg8 Bg7 40. Qxf7 Qc1+ 41. Kg2 Qb1 42. Qe6+ Kh5 43. g4+ Kh4 44. Bd6 Qe4+ 45. Qxe4 dxe4 46. h3 1-0